| 000 | 00710nam a2200193 a 4500 | ||
|---|---|---|---|
| 001 | 000036870 | ||
| 005 | 20200930080004.0 | ||
| 008 | 120202s1971 mx a 000 0 spa d | ||
| 040 |
_aDO-SdBNP _bspa _cBNPHU |
||
| 082 |
_axxxx _bxxxx |
||
| 100 | 1 |
_aW. Fisher, Howard _963233 |
|
| 245 | 1 | 0 |
_aEspecialidades electricas / _cHoward W. Fisher, Robert L. Arendt ; prólogo William G. Dickson ; colaborador Ray C. Mullin. |
| 260 |
_aMéxico, : _bDiana, _c1971. |
||
| 300 |
_a159 p. : _bil. ; _c27 cm. |
||
| 500 | _aA la cabeza del título manuales delmar de electricidad y electrónica | ||
| 700 | 1 |
_aL. Arendt, Robert _963234 |
|
| 700 | 1 |
_aG. Dickson, William, _epról. _963235 |
|
| 700 | 1 |
_aC. Mullin, Ray, _ecol. _963236 |
|
| 999 |
_c36361 _d36361 |
||